Five Biggest Cities by Continent by Letter - E - Statistics

General Stats
  • This quiz has been taken 528 times
  • The average score is 7 of 30
Answer Stats
Population Country City % Correct
933,000 Canada Edmonton
87%
583,000 Germany Essen
81%
481,000 UK Edinburgh
77%
683,000 USA El Paso
69%
1,025,000 Iraq Erbil
60%
227,000 Netherlands Eindhoven
56%
275,000 Finland Espoo
54%
1,742,000 Mexico Ecatepec de Morelos
35%
228,000 Spain Elche
28%
295,000 South Africa East London
24%
847,000 Bolivia El Alto
23%
408,000 Nigeria Enugu
22%
50,000 Hawaii (USA) East Honolulu
17%
685,000 Turkey Eskisehir
17%
252,000 Kenya Eldoret
12%
608,000 China Ezhou
12%
170,000 USA Elk Grove
10%
345,000 Sudan El Obeid
6%
154,000 Ecuador Esmeraldas
6%
296,000 Mexico Ensenada
5%
522,000 India Erode
5%
439,000 Egypt El Mansoura
4%
210,000 Venezuela El Tigre
3%
264,000 Brazil Embu das Artes
2%
320,000 China Enshi
2%
225,000 Colombia Envigado
2%
15,000 Hawaii (USA) Ewa Beach
2%
23,000 Hawaii (USA) Ewa Gentry
2%
20,000 Australia Echuca
1%
45,000 Australia Ellenbrook
0%
No matching quizzes found
Score Distribution
Percent of People with Each Score
Percentile by Number Answered
Your Score History
You have not taken this quiz